| 000 | 00505nam a2200181Ia 4500 | ||
|---|---|---|---|
| 008 | 140609s9999 xx 000 0 und d | ||
| 020 | _a9781118318744 | ||
| 050 |
_aQH 581.2 _b.K37 2014 |
||
| 100 | _aKarp, Gerald. | ||
| 245 |
_aCell biology / _cGerald Karp |
||
| 250 | _a7th ed. | ||
| 260 |
_aSingapore : _bWiley, _cc2014. |
||
| 300 |
_a783 p. : _bcol. ill. ; _c28 cm. |
||
| 500 | _aIncludes glossary, bibliographical references and index. | ||
| 521 | _aGE | ||
| 942 |
_kFOR _cBK |
||
| 999 |
_c118008 _d118008 |
||